| 000 | 00629nam a2200217Ia 4500 | ||
|---|---|---|---|
| 003 | BUBTL | ||
| 008 | 151213s9999 xx 000 0 und d | ||
| 020 | _a8121912482 | ||
| 082 | _a332.632/ B4693i/ 1999 | ||
| 100 |
_aBhalla, V. K. _94435 |
||
| 245 |
_aInvestment Management : Security Analysis and Portfolio Management / _cV. K. Bhalla |
||
| 250 | _a6th | ||
| 260 |
_aNew Delhi _bS. Chand & Com. _cc1999 |
||
| 300 |
_a805p . : _bill. ; 23cm . |
||
| 650 |
_aFinance _93245 |
||
| 650 |
_aFinance _93245 |
||
| 700 |
_aV. K. Bhalla _93244 |
||
| 856 |
_k0 _l0 _yDownload |
||
| 942 |
_2ddc _cBK |
||
| 999 |
_c1178 _d1178 |
||